Sortimentgestaltung - Voraussetzung der erfolgreichen Aplikation von Marketingkonzeption in Handelsfirmen

Guardado en:
Detalles Bibliográficos
Autor principal: Daňo, Ferdinand, 1959-
Formato: Capítulo de libro
Lenguaje:alemán
Etiquetas: Agregar Etiqueta
Sin Etiquetas, Sea el primero en etiquetar este registro!

MARC

LEADER 00000naa$a2200000$$$4500
001 0152796
005 20240502083348.0
041 0 |a ger 
044 |a AT 
245 1 0 |a Sortimentgestaltung - Voraussetzung der erfolgreichen Aplikation von Marketingkonzeption in Handelsfirmen  |c Ferdinand Daňo 
100 1 |a Daňo, Ferdinand, 1959-